000 00783nas a2200229 454500
001 31033
005 20260407193508.0
008 260407s2000####ag###########|||spa#d
003 AR-UNSa-BCEJYS
040 _aAR-UNSa-BCEJYS
_bspa
_cAR-UNSa-BCEJYS
080 _a06.055
_xPublicaciones, informes concernientes al trabajo de la organización
245 1 0 _aMemoria Anual del Poder Judicial
264 1 _aSalta :
_bPoder Judicial de Salta
_c2000
310 _aFrecuencia: Anual
041 _aspa
942 _cSER
590 _aniveau_biblio:s niveau_hierar:1
100 1 _aSalta. Poder Judicial
650 _aSalta
650 _aPODER JUDICIAL
856 4 1 _uhttps://biblioeco.unsa.edu.ar/pmb/images/revistas/Memoria anual del poder judicial a?o 2008-r.jpg
_yImagen de portada
_qimage/jpeg
999 _c8703
_d8703